Movies Quiz

Random Movies Quiz

Movie Equations! Quiz Stats

 Plays Quiz not verified by Sporcle

Challenge
Share
Tweet
Embed
Score 0/21 Timer 05:00
0 Plays Today
Movie = Movie % Correct
A Bug's Life - Pixar + DreamworksAntz
78%
Anchorman + NASCARTalladega Nights: The Ballad of Ricky Bobby
75.6%
Dude, Where's My Car - Pot + RoofiesThe Hangover
72.8%
Big + Jennifer Garner13 Going on 30
69.3%
Dances With Wolves + SmurfsAvatar
57.7%
South Park + PuppetsTeam America: World Police
57.6%
Donnie Darko + Ashton KutcherThe Butterfly Effect
54.2%
Rear Window + Shia LaBeoufDisturbia
54.2%
Knocked Up + Hamburger PhoneJuno
52.8%
The Princess Diaries + ProstitutionPretty Woman
51.8%
The Prestige - David BowieThe Illusionist
46.5%
Movie = Movie % Correct
The Little Mermaid + Tom HanksSplash
42.7%
Paul Blart: Mall Cop - Kevin James + Seth RogenObserve and Report
42.7%
The Truman Show + ConsensualEdTV
36.5%
Blair Witch Project + Haunted House - HeadacheParanormal Activity
31%
Point Break + RacecarsThe Fast and The Furious
31%
Jumanji + SpaceZathura
30.6%
Indiana Jones + The Davinci CodeNational Treasure
29.1%
Bruce Almighty - Morgan Freeman + Christopher WalkenClick
28.3%
Murder By Death + Tim CurryClue
25.1%
Forrest Gump - Low IQ + More Unusual DisorderThe Curious Case of Benjamin Button
17.2%

You're not logged in!

Compare scores with friends on all Sporcle quizzes.
Join for Free
OR
Log In

You Might Also Like...

Show Comments

Extras

Editor's Pick Apr 19, 2011ReportFavoriteNominate
Tags:equation, represented

Top Quizzes Today


Score Distribution

Your Account Isn't Verified!

In order to create a playlist on Sporcle, you need to verify the email address you used during registration. Go to your Sporcle Settings to finish the process.

Report this User

Report this user for behavior that violates our Community Guidelines.

Details: